[Event "ROM-ch U12"]
[Site "Calimanesti Caciulata"]
[Date "2016.04.25"]
[Round "9"]
[White "Baltagaru, Mario Cosmin"]
[Black "Dobrin, Stelica Florentin"]
[Result "1-0"]
[WhiteElo "1003"]
[BlackElo "1001"]
[PlyCount "27"]
[EventDate "2016.04.18"]
[EventType "swiss"]
[EventRounds "9"]
[EventCountry "ROU"]
[SourceTitle "EXT 2017"]
[Source "ChessBase"]
[SourceDate "2016.10.25"]
[SourceVersion "1"]
[SourceVersionDate "2016.10.25"]
[SourceQuality "1"]

1. e4 e5 2. Nf3 Nc6 3. Bc4 Bc5 4. Nc3 Nf6 5. 0-0 d5 6. Bxd5 Ke7 7. d3 h5 8. Bxc6 h4 9. h3 Qg8 10. Nxe5 Rh5 11. Re1 Qh7 12. Nxf7 Rf5 13. exf5+ Kf8 14. Re5 1-0

[Event "ROM-ch U12"]
[Site "Calimanesti Caciulata"]
[Date "2016.04.23"]
[Round "7"]
[White "Dobrin, Stelica Florentin"]
[Black "Oarza, Matei Radu"]
[Result "0-1"]
[WhiteElo "1001"]
[BlackElo "1016"]
[PlyCount "88"]
[EventDate "2016.04.18"]
[EventType "swiss"]
[EventRounds "9"]
[EventCountry "ROU"]
[SourceTitle "CBM 172 Extra"]
[Source "ChessBase"]
[SourceDate "2016.06.21"]
[SourceVersion "1"]
[SourceVersionDate "2016.06.21"]
[SourceQuality "1"]

1. e4 e5 2. Qh5 g6 3. Qxe5+ Qe7 4. d4 f6 5. Qb5 c6 6. Qa4 d5 7. c4 Qxe4+ 8. Kd1 Qe7 9. Bf4 g5 10. Bd2 Bg4+ 11. Be2 Qe6 12. Bxg4 Qxg4+ 13. Nf3 Qxg2 14. Re1+ Be7 15. Rxe7+ Nxe7 16. Bb4 Qxf3+ 17. Kc1 Nf5 18. Nd2 Qe2 19. Nf3 Qxf3 20. Qd1 Qxd1+ 21. Kxd1 Nxd4 22. Rc1 h5 23. Rc3 Kd7 24. Re3 Re8 25. Rxe8 Kxe8 26. Bc3 c5 27. cxd5 h4 28. Bxd4 cxd4 29. b4 f5 30. a4 a6 31. b5 axb5 32. axb5 f4 33. f3 g4 34. fxg4 f3 35. Ke1 Ra2 36. g5 f2+ 37. Kf1 d3 38. g6 Kf8 39. g7+ Kxg7 40. d6 d2 41. Kxf2 d1Q+ 42. Ke3 Qe2+ 43. Kd4 Qh5 44. d7 Nxd7 0-1